| 000 -LEADER | |
|---|---|
| fixed length control field | 00418nam a22001697a 4500 |
| 005 - DATE AND TIME OF LATEST TRANSACTION | |
| control field | 20160630123545.0 |
| 008 - FIXED-LENGTH DATA ELEMENTS--GENERAL INFORMATION | |
| fixed length control field | 160630b xxu||||| |||| 00| 0 eng d |
| 020 ## - INTERNATIONAL STANDARD BOOK NUMBER | |
| ISBN | 81-219-2846-X |
| 041 ## - LANGUAGE CODE | |
| Language code of text/sound track or separate title | eng |
| 082 ## - DEWEY DECIMAL CLASSIFICATION NUMBER | |
| Item number | 19759 |
| 100 ## - MAIN ENTRY--AUTHOR NAME | |
| Personal name | Sharma P C |
| 245 ## - TITLE STATEMENT | |
| Title | Manufacturing technology 2 |
| 260 ## - PUBLICATION, DISTRIBUTION, ETC. (IMPRINT) | |
| Place of publication | New Delhi |
| Name of publisher | Sultan Chand & Sons, |
| Year of publication | 2014 |
| 300 ## - PHYSICAL DESCRIPTION | |
| Number of Pages | 313 |
| 650 ## - SUBJECT ADDED ENTRY--TOPICAL TERM | |
| Topical Term | Diploma Engineering |
| 942 ## - ADDED ENTRY ELEMENTS (KOHA) | |
| Koha item type | Books |
| Lost status | Damaged status | Home library | Current library | Shelving location | Date acquired | Cost, normal purchase price | Full call number | Accession Number | Koha item type |
|---|---|---|---|---|---|---|---|---|---|
| JRU Library | SHELF-42-L | 30/06/2016 | 200.00 | 19759 | 19759 | Books | |||
| JRU Library | SHELF-42-L | 30/06/2016 | 200.00 | 19759 | 19760 | Books | |||
| JRU Library | SHELF-42-L | 30/06/2016 | 200.00 | 19759 | 19761 | Books | |||
| JRU Library | SHELF-42-L | 30/06/2016 | 200.00 | 19759 | 19762 | Books | |||
| JRU Library | SHELF-42-L | 30/06/2016 | 200.00 | 19759 | 19763 | Books | |||
| JRU Library | SHELF-42-L | 30/06/2016 | 200.00 | 19759 | 19764 | Books | |||
| JRU Library | SHELF-42-L | 30/06/2016 | 200.00 | 19759 | 19765 | Books | |||
| JRU Library | SHELF-42-L | 30/06/2016 | 200.00 | 19759 | 19766 | Books | |||
| JRU Library | SHELF-42-L | 30/06/2016 | 200.00 | 19759 | 19767 | Books | |||
| JRU Library | 30/06/2016 | 200.00 | 19759 | 19768 | Books |